Quantum Monte Carlo methods : algorithms for lattice models /

Gespeichert in:
Bibliographische Detailangaben
Hauptverfasser: Gubernatis, J.E (Verfasst von), Kawashima, Naoki (Verfasst von), Werner, P. (Verfasst von)
Format: Buch
Sprache:Englisch
Veröffentlicht: Cambridge University Press 2016
Ausgabe:1. vyd.
Schlagworte:
Tags: Tag hinzufügen
Keine Tags, Fügen Sie das erste Tag hinzu!

MARC

LEADER 00000nam a22000003a 4500
001 0077508
003 SK-STU
005 20191114095525.3
007 ta
008 191114s ----xo-----e------000-0-----d
020 |a 978-1-107-00642-3 
040 |a STU  |b slo 
041 0 |a eng 
044 |a xxk 
100 1 |a Gubernatis, J.E.  |4 aut 
245 1 0 |a Quantum Monte Carlo methods :  |b algorithms for lattice models /  |c aut. J.E Gubernatis, Naoki Kawashima, P Werner 
250 |a 1. vyd. 
260 |a Cambridge  |b University Press  |c 2016 
300 |a 488 s. 
650 0 7 |a Monte Carlo metóda 
700 1 |a Kawashima, Naoki  |4 aut 
700 1 |a Werner, P.  |4 aut 
996 |b 284M088227  |c M* 14253-1  |l MMKN  |s A  |a 24  |w 0077508_0001